| 000 | 00637cam a2200229 a 4500 | ||
|---|---|---|---|
| 001 | 000007454 | ||
| 005 | 20240514073717.0 | ||
| 008 | 830616s1991 sp a 000 0 spa | ||
| 020 | _a8433900676 | ||
| 040 |
_aDO-SdBNP _bspa _cDLC _dBNPHU |
||
| 082 |
_a170 _bS266i, 1991 |
||
| 100 | 1 |
_aSavater, Fernando, _d1947- _920728 |
|
| 245 | 1 | 0 |
_aInvitación a la ética / _cFernando Savater. |
| 250 | _a4a ed. | ||
| 260 |
_aBarcelona : _bAnagrama, _c1991. |
||
| 300 |
_a173 p. : _bil. ; _c20 cm. |
||
| 490 | 1 |
_aArgumentos _v67 |
|
| 650 | 0 |
_aÉtica _9509 |
|
| 830 | 0 |
_aArgumentos ; _v67 _98962 |
|
| 910 | _aCatalogación derivada. | ||
| 049 | _aBNGR | ||
| 999 |
_c7235 _d7235 |
||